000357208 001__ 357208
000357208 005__ 20250210090452.0
000357208 037__ $$aGSI-2025-00351
000357208 041__ $$aEnglish
000357208 1001_ $$0P:(DE-Ds200)OR12361$$aMorales Reveco, Cristobal Ignacio$$b0$$eCorresponding author
000357208 1112_ $$aMatter and Universe Days 2024$$cHamburg$$d2024-12-12 - 2024-12-13$$wGermany
000357208 245__ $$aThe JUNO Experiment: Current progress and future perspectives
000357208 260__ $$c2024
000357208 3367_ $$033$$2EndNote$$aConference Paper
000357208 3367_ $$2DataCite$$aOther
000357208 3367_ $$2BibTeX$$aINPROCEEDINGS
000357208 3367_ $$2ORCID$$aLECTURE_SPEECH
000357208 3367_ $$0PUB:(DE-HGF)31$$2PUB:(DE-HGF)$$aTalk (non-conference)$$btalk$$mtalk$$s1738584497_1608492$$xAfter Call
000357208 3367_ $$2DINI$$aOther
000357208 536__ $$0G:(DE-HGF)POF4-612$$a612 - Cosmic Matter in the Laboratory (POF4-612)$$cPOF4-612$$fPOF IV$$x0
000357208 693__ $$0EXP:(DE-Ds200)JUNO-2022$$1EXP:(DE-Ds200)JUNO-2022$$aJUNO Experiment at Jiangmen Underground Neutrino Observatory in China ( - ; other)$$x0
000357208 909CO $$ooai:repository.gsi.de:357208$$pVDB
000357208 9131_ $$0G:(DE-HGF)POF4-612$$1G:(DE-HGF)POF4-610$$2G:(DE-HGF)POF4-600$$3G:(DE-HGF)POF4$$4G:(DE-HGF)POF$$aDE-HGF$$bForschungsbereich Materie$$lMatter and the Universe$$vCosmic Matter in the Laboratory$$x0
000357208 9141_ $$y2024
000357208 920__ $$lyes
000357208 9201_ $$0I:(DE-Ds200)FFN-20210302OR452$$kFFN$$lFAIR Forschung NRW$$x0
000357208 980__ $$atalk
000357208 980__ $$aVDB
000357208 980__ $$aI:(DE-Ds200)FFN-20210302OR452
000357208 980__ $$aUNRESTRICTED